000 01291nam a2200373 i 4500
001 13965
003 KOSZ 005
005 20210208101740.0
008 071107s1971 pl a f 001 0 pol
015 _aPB 1971/10274
035 _a(OCoLC)749564072
040 _aWA N
_cWA N
_dKOSZ 005/KK
_dKOSZ 005/HR
046 _k1971
080 _a678.6
245 0 0 _aPoliwęglany :
_bpraca zbiorowa /
_c[aut. Jan Borkowski et al.] ; koordynacja Bronisław Krajewski.
260 _aWarszawa :
_bWydawnictwa Naukowo-Techniczne,
_c1971.
300 _a447, [3] stron :
_bilustracje ;
_c23 cm.
336 _2rdacontent
_aTekst
_btxt
337 _2rdacontent
_aBez urządzenia pośredniczącego
_bn
338 _2rdacarrier
_aWolumin
_bnc
380 _aKsiążki.
388 _a1901-2000
388 _a1945-1989
490 1 _aTworzywa Sztuczne.
504 _aBibliografia na stronach 436-440. Indeks.
650 4 _aPoliwęglany.
658 _aChemia
700 1 _aKrajewski, Bronisław.
_eOpracowanie
710 2 _aWydawnictwa Naukowo-Techniczne
_4pbl.
700 1 _aBorkowski, Jan
_eAutor
856 _uhttp://koha.tu.koszalin.pl/cgi-bin/koha/opac-detail.pl?biblionumber=13965
_yKatalog online BPK
830 0 _aTworzywa Sztuczne
942 _2UKD
_cKS
999 _c13965
_d13965